<?xml version="1.0" encoding="UTF-8"?>
<record
    xmlns:xsi="http://www.w3.org/2001/XMLSchema-instance"
    xsi:schemaLocation="http://www.loc.gov/MARC21/slim http://www.loc.gov/standards/marcxml/schema/MARC21slim.xsd"
    xmlns="http://www.loc.gov/MARC21/slim">

  <leader>01346cam a2200265Ia 4500</leader>
  <datafield tag="999" ind1=" " ind2=" ">
    <subfield code="c">4546</subfield>
    <subfield code="d">4546</subfield>
  </datafield>
  <controlfield tag="001">2205593</controlfield>
  <controlfield tag="003">OCoLC</controlfield>
  <controlfield tag="005">20181207113828.0</controlfield>
  <controlfield tag="008">760602s1961    miu           000 0 eng d</controlfield>
  <datafield tag="020" ind1=" " ind2=" ">
    <subfield code="a">0310309816</subfield>
  </datafield>
  <datafield tag="020" ind1=" " ind2=" ">
    <subfield code="a">9780310309819</subfield>
  </datafield>
  <datafield tag="020" ind1=" " ind2=" ">
    <subfield code="a">03103028828</subfield>
  </datafield>
  <datafield tag="035" ind1=" " ind2=" ">
    <subfield code="a">(OCoLC)2205593</subfield>
  </datafield>
  <datafield tag="040" ind1=" " ind2=" ">
    <subfield code="a">BSC</subfield>
    <subfield code="c">BSC</subfield>
    <subfield code="d">DTM</subfield>
    <subfield code="d">KSU</subfield>
  </datafield>
  <datafield tag="082" ind1=" " ind2=" ">
    <subfield code="a">220.15</subfield>
    <subfield code="b">P419P</subfield>
  </datafield>
  <datafield tag="090" ind1=" " ind2=" ">
    <subfield code="a">BS647.2</subfield>
    <subfield code="b">.P44 1961</subfield>
  </datafield>
  <datafield tag="092" ind1=" " ind2=" ">
    <subfield code="a">220.15</subfield>
    <subfield code="b">P4191</subfield>
  </datafield>
  <datafield tag="100" ind1="1" ind2=" ">
    <subfield code="a">Pentecost, J. Dwight.</subfield>
  </datafield>
  <datafield tag="245" ind1="1" ind2="0">
    <subfield code="a">Prophecy for today :</subfield>
    <subfield code="b">the Middle East crisis and the future of the world /</subfield>
    <subfield code="c">by J. Dwight Pentecost.</subfield>
  </datafield>
  <datafield tag="260" ind1=" " ind2=" ">
    <subfield code="a">Grand Rapids, Mich. :</subfield>
    <subfield code="b">Zondervan Pub. House,</subfield>
    <subfield code="c">c1961</subfield>
    <subfield code="g">(14th printing)</subfield>
  </datafield>
  <datafield tag="300" ind1=" " ind2=" ">
    <subfield code="a">231 p. ;</subfield>
    <subfield code="c">18 cm.</subfield>
  </datafield>
  <datafield tag="505" ind1="0" ind2=" ">
    <subfield code="a">Why study prophecy? -- The next event in the prophectic program -- God's picture of the tribulation -- The church and the tribulation -- Israel's title deed to Palestine -- Christ's title deed to the throne -- Daniel's image and the federated states of Europe -- The coming great world dictator -- The lamb that speaks like a dragon -- The rise and demise of Russia -- The campaign of Armageddon -- The great harlot -- When the nations meet the Son of God -- The Judgment seat of Christ -- The marriage of the Lamb -- THe great white throne of judgment -- The signs of the times.</subfield>
  </datafield>
  <datafield tag="630" ind1="0" ind2="0">
    <subfield code="a">Bible</subfield>
    <subfield code="x">Prophecies.</subfield>
  </datafield>
  <datafield tag="942" ind1=" " ind2=" ">
    <subfield code="2">ddc</subfield>
    <subfield code="c">BK</subfield>
  </datafield>
  <datafield tag="952" ind1=" " ind2=" ">
    <subfield code="0">0</subfield>
    <subfield code="1">0</subfield>
    <subfield code="2">ddc</subfield>
    <subfield code="4">0</subfield>
    <subfield code="7">0</subfield>
    <subfield code="8">NFIC</subfield>
    <subfield code="a">HMC</subfield>
    <subfield code="b">HMC</subfield>
    <subfield code="c">GEN</subfield>
    <subfield code="d">2018-12-07</subfield>
    <subfield code="g">480.00</subfield>
    <subfield code="l">0</subfield>
    <subfield code="o">220.15 P419P</subfield>
    <subfield code="p">005148</subfield>
    <subfield code="r">2018-12-07 00:00:00</subfield>
    <subfield code="w">2018-12-07</subfield>
    <subfield code="y">BK</subfield>
  </datafield>
</record>
